Terapia de pareja: enfoque conductual-sistémico

Gespeichert in:
Bibliographische Detailangaben
Hauptverfasser: Bornstein, Philip H (VerfasserIn), Bornstein, Marcy T (VerfasserIn)
Format: Buch
Sprache:Spanisch
Veröffentlicht: Madrid Pirámide 1992
Ausgabe:2a. ed
Schriftenreihe:Psicología
Schlagworte:
Tags: Tag hinzufügen
Keine Tags, Fügen Sie den ersten Tag hinzu!

MARC

LEADER 00000nam a2200000 a 4500
001 UCR9943
003 CL-VaPUC
008 980619e19920000SP |||||||||||||||||spa|d
082 0 4 |a 616.8915  |b BOR  |2 21 
100 0 |a Bornstein, Philip H  |e author  |9 412979 
700 0 |a Bornstein, Marcy T  |e author  |9 412980 
245 1 0 |a Terapia de pareja: enfoque conductual-sistémico 
250 |a 2a. ed 
300 |a 205 p 
942 |c BK 
945 |d 19980619 00:00:00  |a crobeson 
260 |a Madrid  |b Pirámide  |c 1992 
650 0 |a Psicoterapia familiar  |9 310747 
650 7 |a PSICOTERAPIA MARITAL  |2 CL-VaPUC  |9 312336 
650 0 |a Familias   |9 255641 
650 7 |a RELACIONES FAMILIARES  |2 CL-VaPUC  |9 333100 
583 |a last modification  |c 19980619 00:00:00  |k Rodrigo Vera 
490 0 |a Psicología 
999 |c 271114  |d 271112 
952 |0 0  |1 0  |4 0  |6 616_891500000000000_BOR_1992  |7 0  |8 A  |9 305631  |a BIBGIM  |b BIBGIM  |d 2019-11-20  |i 2799014  |o 616.8915 BOR 1992  |p 2799014  |r 2025-01-15  |w 2019-11-20  |y BK  |k SSL 
952 |0 0  |1 0  |4 0  |6 616_891500000000000_BOR_1992  |7 0  |8 A  |9 305632  |a BIBGIM  |b BIBGIM  |d 2019-11-20  |i 2799030  |o 616.8915 BOR 1992  |p 2799030  |r 2025-01-15  |w 2019-11-20  |y BK  |k SSL